000
00240nam a22001097a 4500
082
_a
621.8 WAL
100
_a
WALKER,JOHN.R
_9
74271
245
_a
MACHINING FUNDAMENTALS
260
_a
HOLLAND
_b
GOODHEART
_c
1973
300
_a
512P
942
_c
BK
999
_c
583307
_d
583307